LEADER 00989nam0-2200301 --450 001 9910419952203321 005 20201021130125.0 010 $a978-88-6250-737-0 100 $a20201021d2018----km y0itay50 ba 101 0 $aita 102 $aIT 105 $aa 001yy 200 1 $aConfartigianato$edal miracolo economico alla nascita delle regioni (1959-1970)$fAnna Pina Paladini$gpremessa di Giorgio Merletti$gprefazione di Paolo Feltrin$gpostfazione di Matteo Morandi 210 $aMilano$cGuerini e Associati$d2018 215 $a187 p.$cill.$d24 cm 610 0 $aAziende artigiane 676 $a338.64250945$v23$zita 700 1$aPaladini,$bAnna Pina$0742233 702 1$aFeltrin,$bPaolo$f<1953- > 702 1$aMorandi,$bMatteo$f<1947-> 702 1$aMerletti,$bGiorgio 801 0$aIT$bUNINA$gREICAT$2UNIMARC 901 $aBK 912 $a9910419952203321 952 $aVI H 911$b400/2020$fFSPBC 959 $aFSPBC 996 $aConfartigianato$91759583 997 $aUNINA LEADER 01900nam0 22003733i 450 001 MIL0161798 005 20231121125538.0 020 $aIT$b70-1506 100 $a20100922d1970 ||||0itac50 ba 101 | $aita$cita 102 $ait 105 $a|||| |||c| 181 1$6z01$ai $bxxxe 182 1$6z01$an 200 1 $a˜La œmisura della produttività nella pubblica amministrazione$econ particolare riferimento alla situazione italiana$fOrlando Scarpat$gpresentazione di Giancarlo Mazzocchi 210 $aMilano$cFranco Angeli$d1970 215 $a154 p.$d23 cm 225 | $aISVET$fIstituto per gli studi sullo sviluppo economico e il progresso tecnico$v12 410 0$1001IEI0026422$12001 $aISVET$fIstituto per gli studi sullo sviluppo economico e il progresso tecnico$v12 500 10$a˜La œmisura della produttività nella pubblica amministrazione.$3MSE0067954$9CFIV074808$9540190 606 $aAmministrazione pubblica$xProduttività$2FIR$3CFIC027005$9I 700 1$aScarpat$b, Orlando$3CFIV074808$4070$0105342 702 1$aMazzocchi$b, Giancarlo$3CFIV071567$4080 790 1$aMazzocchi$b, Gian Carlo$3MILV205759$zMazzocchi, Giancarlo 801 3$aIT$bIT-01$c20100922 850 $aIT-RM0460 $aIT-FR0098 $aIT-RM0574 899 $aBiblioteca Dell' Archivio Centrale Dello Stato$bRM0460 899 $aBiblioteca Area Giuridico Economica$bFR0098 899 $aBiblioteca del Consiglio nazionale dell'economia e del lavoro$bRM0574 912 $aMIL0161798 950 0$aBiblioteca Area Giuridico Economica$d 53CAM 350/67$e 53VM 0000051485 VM barcode:ECO004304. - Inventario:2321. - Fondo:Sala consultazioneVM$fA $h19950322$i20121204 977 $a 27$a 53$a 61 996 $aMisura della produttivita' nella pubblica amministrazione$9540190 997 $aUNICAS